Ballon d'or 1994 - Statistiques

Statistiques générales
  • Ce quiz a été pris 44 fois
  • Le résultat moyen est 8 sur 28
Statistiques - réponses
Rang Joueurs Nationalité Points % Correct
3 Paolo Maldini Italie 109
91%
2 Roberto Baggio Italie 136
73%
4 Gheorghe Hagi Roumanie 68
64%
Jean-Pierre Papin France 3
64%
Éric Cantona France 4
58%
1 Hristo Stoitchkov Bulgarie 210
52%
8 Jari Litmanen Finalnde 12
45%
9 Marcel Desailly France 8
45%
11 Franco Baresi Italie 7
42%
Lothar Matthäus Allemagne 3
42%
13 Michael Laudrup Danemark 4
39%
6 Jürgen Klinsmann Allemagne 43
30%
Tomas Brolin Suède 68
30%
Michel Preud'homme Belgique 7
27%
24 Kennet Andersson Suède 1
15%
Dejan Savićević Yougoslavie 8
12%
Andreas Möller Allemagne 1
9%
Martin Dahlin Suède 1
9%
Pep Guardiola Espagne 1
9%
21 Philippe Albert Belgique 2
9%
7 Thomas Ravelli Italie 21
9%
Zvonimir Boban Croatie 1
9%
Yordan Letchkov Bulgarie 4
6%
Ciriaco Sforza Suisse 2
3%
Giuseppe Signori Italie 3
3%
16 Krassimir Balakov Bulgarie 3
3%
José Luis Caminero Espagne 3
0%
Otto Konrad Autriche 2
0%
Aucun quiz correspondant
Distribution des résultats
% des personnes avec chaque résultat
Percentile par nombre de réponses
Votre historique - résultats
Vous n’avez pas pris ce quiz